000 00658nam a2200217Ii 4500
001 19078
003 CO-ViMGA
008 241108s9999||||xx |||||||||||||| ||und||
020 _a9588160510
040 _aCO-ViMGA
_bspa
_erda
_cCO-ViMGA
041 0 _aspa
082 0 4 _a910.41 O17d
100 1 _aMauricio Obregón Andreu
_950466
245 1 0 _aDe cóndores y sirenas :
_bmemorias de un aventurero ilustrado
264 1 _aBogotá, Colombia : Villegas Editores, 2004
300 _avolumen
336 _atext
_btxt
_2rdacontent
337 _aunmediated
_bn
_2rdamedia
338 _avolume
_bnc
_2rdacarrier
940 _aidficha_siabuc: 18735. -- ficha_no_siabuc:19078
999 _c45151
_d45151